| 000 | 00989nam a2200193 a 4500 | ||
|---|---|---|---|
| 001 | 48812 | ||
| 005 | 20180714033240.0 | ||
| 008 | 140415s2002 sp 000 0 spa d | ||
| 020 | _a8480887931 | ||
| 041 | _aspa | ||
| 082 |
_a658.45 _bPUT |
||
| 100 | 1 | _aPUTNAM, LINDA L. | |
| 245 | 1 | 0 |
_aCOMUNICACION EMPRESARIAL : _bNUEVAS TENDENCIAS EN COMUNICACION PARA POTENCIAR LA ESTRATEGIA EMPRESARIAL |
| 250 | _a1a ed. | ||
| 260 |
_aESPAÑA : _bEDICIONES GESTION 2000, _c2002 |
||
| 300 |
_a294 _c16.5 x 0.8 x 23 |
||
| 520 | _aESTA OBRA ABORDA, TRAS EL ESTUDIO DE LAS TEORÍAS TRADICIONALES DE LA COMUNICACIÓN, LA NUEVA COLTURA DE LA EMPRESA, EN LA CUAL LA COMUNICACIÓN DEBE SER ENTENDIDA COMO ACCIÓN Y PERCEPCIÓN, MOVILIDAD E IMPACTO. PARA ELLO, APORTA MENSAJES DE ESTRATEGIA Y CREDIBILIDAD, ASÍ COMO UNA IMAGEN PÚBLICA DESTINADA A PERMANECER QUE AYUDE A CONFORMAR Y AL TIEMPO A PERCIBIR LA REALIDAD DE LA EMPRESA EN SU ENTORNO. | ||
| 650 | 1 | 4 | _aCOMUNICACION ORGANIZACIONAL |
| 999 |
_c48812 _d48812 |
||